=LDR 00000nam 2200000 4500 =001 INLIS000000000000977 =005 20130612085408 =008 ***********************************Ind** =035 ##$$0010-061300000000977 =041 ##$$a Ind =082 ##$$a 302.2 =090 ##$$a 302.2, Sur-b =100 ##$$a Surakhmat, Winarno =245 ##$$a Berkomunikasi dalam nilai hidup, Winarno Surakhmat =260 ##$$a 1982 $b Bandung =300 ##$$a viii, 92 hlm, ilus, 21 cm =650 ##$$a Komunikasi =850 ##$$a NBPNMAT =990 ##$$a 0206/BPAP-NTB/2016